| 000 | 00416nam a2200169Ia 4500 | ||
|---|---|---|---|
| 005 | 20240823055530.0 | ||
| 008 | 240823s9999||||xx |||||||||||||| ||und|| | ||
| 041 | _aENGLISH | ||
| 082 | _A624.18341 Q3 | ||
| 100 | _aAravind N | ||
| 245 | 0 | _aDesign of Reinforced Concrete Elements | |
| 250 | _a1st | ||
| 260 |
_c2013 _bARS Publica |
||
| 500 | _aYES | ||
| 650 |
_aReinforced Concrete Design _bCivil |
||
| 942 | _cBK | ||
| 999 |
_c229008 _d229008 |
||